• 首页
  • 本馆介绍
  • 公告通知
  • 最新文献
  • 馆藏检索
  • 电子资源
  • 读者导购
  • 参考咨询
  • 我的图书馆
  • 登录
  • 详细信息显示
  • 放入我的书架
  • 预约/预借图书
  • 作者相关作品
  • 分类相关作品
  • 丛书相关作品
  • 出版社相关作品

书目信息

  • 表格格式
  • 工作单格式
  • 卡片格式
题名:
跟我学德语口语100句
    
 
作者: 管新潮 编
分册:  
出版信息: 上海   上海交通大学出版社  2000
页数: 106页
开本: 18cm
丛书名:
单 册:
中图分类: H339.9
科图分类:
主题词: 德语--口语 , CT--德语 , CT--口语
电子资源:
ISBN: 7-313-02547-5
000 00746nam0 2200241 450
001 CAL 012001385983
005 20070620111144.14
010    @a7-313-02547-5@dCNY5.00
100    @a20010402d2000 em y0chiy0110 ea
101 0  @achi@ager
102    @aCN@b310000
105    @ay z 000yy
200 1  @a跟我学德语口语100句@f管新潮编
210    @a上海@c上海交通大学出版社@d2000
215    @a106页@d18cm
330    @a全书提供了日常生活中常用的30个话题,约100句用语。每个话题有基本句型及其应答、文化提示、样板对话、重要词语和操练对话等5部分组成。
606 0  @a德语@x口语
606 0  @2CT@a德语
606 0  @2CT@a口语
690    @aH339.9@v4
701  0 @a管新潮@AGuan Xinchao@c(德语)@4编
801  0 @aCN@bPFT@c20070620
905    @a10447@dH339.9@e101
    
    跟我学德语口语100句/管新潮编.-上海:上海交通大学出版社,2000
    106页;18cm
    
    
    ISBN 7-313-02547-5:CNY5.00
    全书提供了日常生活中常用的30个话题,约100句用语。每个话题有基本句型及其应答、文化提示、样板对话、重要词语和操练对话等5部分组成。
●
相关链接 在E读中查询图书 在五车中查询图书 在当当中查询图书 在豆瓣中查询图书


正题名:跟我学德语口语100句     索取号:H339.9/101         预约/预借

序号 登录号 条形码 馆藏地/架位号 状态 备注
1 0661641   206616410   第二样本阅览室/ [索取号:H339.9/101] 在馆    
2 0661642   206616429   密集书库/ [索取号:H339.9/101] 在馆    
3 0661643   206616438   密集书库/ [索取号:H339.9/101] 在馆    
4 0661644   206616447   密集书库/ [索取号:H339.9/101] 在馆    
5 0661645   206616456   密集书库/ [索取号:H339.9/101] 在馆    
唐山师范学院图书馆 欢迎您!
大连网信软件有限公司© 版权所有